[Event "Panevezys op-B"]
[Site "Panevezys"]
[Date "2022.07.01"]
[Round "1"]
[White "Aleidzans, Vadims"]
[Black "Polakovs, Viktors"]
[Result "1/2-1/2"]
[WhiteElo "1407"]
[BlackElo "1837"]
[PlyCount "123"]
[EventDate "2022.07.01"]
[EventType "swiss"]
[EventRounds "7"]
[EventCountry "LTU"]
[SourceTitle "EXT 2023"]
[Source "ChessBase"]
[SourceDate "2022.10.05"]
[SourceVersion "1"]
[SourceVersionDate "2022.10.05"]
[SourceQuality "1"]

1. e4 d6 2. d4 Nf6 3. Nc3 c6 4. f3 g6 5. Be3 Bg7 6. Qd2 h5 7. 0-0-0 b5 8. Nh3 a5 9. Bd3 b4 10. Ne2 Nbd7 11. Nf2 e5 12. h4 exd4 13. Nxd4 Bb7 14. Be2 0-0 15. Bh6 d5 16. Bxg7 Kxg7 17. exd5 Nxd5 18. Ne4 N7f6 19. Nc5 Qb6 20. Nxb7 Qxb7 21. Qg5 Qc8 22. Bd3 Nh7 23. Qg3 Ra7 24. Qd6 Rd8 25. Qxc6 Rc7 26. Qa6 Ne3 27. Qxc8 Rcxc8 28. Ba6 Nxd1 29. Bxc8 Ne3 30. Re1 Nxg2 31. Rg1 Nxh4 32. Nf5+ Nxf5 33. Bxf5 Kf6 34. Bd3 Ng5 35. Kd1 Nh3 36. Rf1 Nf4 37. Kd2 g5 38. Ke3 h4 39. Be4 Ke5 40. Rg1 f6 41. c4 Rg8 42. Rd1 f5 43. Bb7 Rg7 44. Ba6 g4 45. c5 Rc7 46. Rd8 Ne6 47. Re8 f4+ 48. Kd2 Rxc5 49. Bc8 Rd5+ 50. Ke1 Rd6 51. fxg4 Kf6 52. Rh8 Rd8 53. Rh6+ Kg5 54. Rh5+ Kxg4 55. Rc5 Rxc8 56. Rxc8 h3 57. Kf2 Ng5 58. Rg8 Kf5 59. Ra8 Kg4 60. Rg8 Kf5 61. Ra8 Kg4 62. Rg8 1/2-1/2

[Event "Panevezys op-B"]
[Site "Panevezys"]
[Date "2022.07.01"]
[Round "2"]
[White "Norkeliunas, Matas"]
[Black "Aleidzans, Vadims"]
[Result "1-0"]
[WhiteElo "1737"]
[BlackElo "1407"]
[PlyCount "41"]
[EventDate "2022.07.01"]
[EventType "swiss"]
[EventRounds "7"]
[EventCountry "LTU"]
[SourceTitle "EXT 2023"]
[Source "ChessBase"]
[SourceDate "2022.10.05"]
[SourceVersion "1"]
[SourceVersionDate "2022.10.05"]
[SourceQuality "1"]

1. e4 e5 2. Nf3 Nc6 3. d4 exd4 4. Bc4 Nf6 5. e5 d5 6. Bb5 Ne4 7. Nxd4 Bd7 8. Bxc6 bxc6 9. 0-0 Bc5 10. Be3 0-0 11. c3 f6 12. f3 fxe5 13. fxe4 Rxf1+ 14. Qxf1 exd4 15. cxd4 Be7 16. Nc3 Bg5 17. Qf3 dxe4 18. Nxe4 Bxe3+ 19. Qxe3 Qh4 20. Ng5 Re8 21. Qb3+ 1-0

[Event "Taujenai Manor Cup"]
[Site "Taujenai"]
[Date "2021.11.27"]
[Round "1"]
[White "Aleidzans, Vadims"]
[Black "Stremavicius, Pijus"]
[Result "0-1"]
[WhiteElo "1563"]
[BlackElo "2175"]
[PlyCount "68"]
[EventDate "2021.11.27"]
[EventType "swiss (rapid)"]
[EventRounds "9"]
[EventCountry "LTU"]
[SourceTitle "EXT 2023"]
[Source "ChessBase"]
[SourceDate "2022.10.05"]
[SourceVersion "1"]
[SourceVersionDate "2022.10.05"]
[SourceQuality "1"]

1. e4 e5 2. Nf3 Nf6 3. Nxe5 Nc6 4. Nxc6 dxc6 5. Nc3 Bc5 6. Be2 h5 7. d3 Qd6 8. Be3 Bxe3 9. fxe3 Ng4 10. Bxg4 hxg4 11. g3 Rxh2 12. Rxh2 Qxg3+ 13. Rf2 Qh4 14. Qe2 g3 15. Rf4 Qh1+ 16. Kd2 g2 17. Rxh1 gxh1Q 18. Qf3 Qxf3 19. Rxf3 Ke7 20. Rg3 g6 21. Ne2 a5 22. c3 Be6 23. a3 Rh8 24. d4 Rh2 25. Rg1 Bc4 26. Re1 g5 27. Kd1 Bd3 28. e5 g4 29. Nf4 Be4 30. Rg1 Rxb2 31. Kc1 Rc2+ 32. Kd1 Rxc3 33. Rg3 Rxa3 34. Kd2 Bf3 0-1

[Event "Panevezys op-B"]
[Site "Panevezys"]
[Date "2021.07.30"]
[Round "1"]
[White "Zaura, Vidmantas"]
[Black "Aleidzans, Vadims"]
[Result "1-0"]
[WhiteElo "2081"]
[BlackElo "1409"]
[PlyCount "55"]
[EventDate "2021.07.30"]
[EventType "swiss"]
[EventRounds "7"]
[EventCountry "LTU"]
[SourceTitle "EXT 2022"]
[Source "ChessBase"]
[SourceDate "2021.10.06"]
[SourceVersion "1"]
[SourceVersionDate "2021.10.06"]
[SourceQuality "1"]

1. Nf3 d5 2. c4 dxc4 3. Qa4+ Bd7 4. Qxc4 Nc6 5. d4 e6 6. Nc3 Nf6 7. g3 Bd6 8. Bg2 Ne7 9. e4 b5 10. Qd3 Bb4 11. 0-0 Bxc3 12. bxc3 0-0 13. Ne5 Rb8 14. Ba3 Re8 15. Rfb1 Nc6 16. Nxd7 Qxd7 17. Rxb5 Rxb5 18. Qxb5 Rb8 19. Qc4 h6 20. Re1 Na5 21. Qa6 Rb5 22. Bf1 Rh5 23. Be2 Nc6 24. Bxh5 Nxh5 25. Qb5 Nf6 26. Bc5 Kh7 27. a4 g6 28. Kg2 1-0

[Event "Klaipeda Sea op-A 17th"]
[Site "Klaipeda"]
[Date "2020.07.21"]
[Round "2"]
[White "Aleidzans, Vadims"]
[Black "Pakalniskis, Romas"]
[Result "1/2-1/2"]
[WhiteElo "1418"]
[BlackElo "1653"]
[PlyCount "67"]
[EventDate "2020.07.20"]
[EventType "swiss"]
[EventRounds "7"]
[EventCountry "LTU"]
[SourceTitle "CBM 197 Extra"]
[Source "ChessBase"]
[SourceDate "2020.09.30"]
[SourceVersion "1"]
[SourceVersionDate "2020.09.30"]
[SourceQuality "1"]

1. e4 c5 2. c3 d5 3. exd5 Qxd5 4. d4 Nf6 5. Be3 cxd4 6. cxd4 e6 7. Nc3 Bb4 8. Qa4+ Nc6 9. Bb5 Bxc3+ 10. bxc3 0-0 11. Nf3 a6 12. Be2 b5 13. Qc2 Na5 14. Ne5 Bb7 15. Bf3 Qd6 16. Bxb7 Nxb7 17. Nd3 Nd7 18. Rd1 Rfc8 19. Bd2 Rc4 20. Qb2 Rac8 21. Rc1 Na5 22. 0-0 Ra4 23. Ne5 f6 24. Nf3 Nc4 25. Qb3 Ra3 26. Qc2 Nxd2 27. Qxd2 Rcxc3 28. Rxc3 Rxc3 29. Re1 Qc6 30. Qe2 Rc1 31. h3 Rxe1+ 32. Qxe1 a5 33. Qxa5 h6 34. Qd2 1/2-1/2

[Event "Klaipeda Sea op-A 17th"]
[Site "Klaipeda"]
[Date "2020.07.20"]
[Round "1"]
[White "Greicius, Pijus"]
[Black "Aleidzans, Vadims"]
[Result "1-0"]
[WhiteElo "1893"]
[BlackElo "1418"]
[PlyCount "101"]
[EventDate "2020.07.20"]
[EventType "swiss"]
[EventRounds "7"]
[EventCountry "LTU"]
[SourceTitle "CBM 197 Extra"]
[Source "ChessBase"]
[SourceDate "2020.09.30"]
[SourceVersion "1"]
[SourceVersionDate "2020.09.30"]
[SourceQuality "1"]

1. Nf3 Nf6 2. b3 b6 3. Bb2 Bb7 4. e3 e6 5. c4 c5 6. d4 d5 7. Bd3 Nc6 8. 0-0 Rc8 9. a3 a6 10. Nbd2 Bd6 11. dxc5 Bxc5 12. Qe2 dxc4 13. Nxc4 b5 14. Ncd2 0-0 15. b4 Be7 16. Rfd1 Nd5 17. Nb3 Qb6 18. Rac1 Bf6 19. Nc5 Rfd8 20. Bxf6 Nxf6 21. e4 h6 22. e5 Nd5 23. Qe4 g6 24. Nxe6 Re8 25. Nc5 Nce7 26. Qg4 Rcd8 27. e6 f5 28. Qh4 Kg7 29. Ne5 g5 30. Qh5 Rf8 31. Nf7 Ng8 32. Bxf5 Nf4 33. Qg4 Nf6 34. Nxd8 Nxg4 35. Rd7+ Kf6 36. Ndxb7 Kxf5 37. Re1 Qc6 38. f3 Ne5 39. Nd6+ Kg6 40. Rxe5 Nh3+ 41. gxh3 Qxf3 42. Nf7 Qxh3 43. Rd3 Qg4+ 44. Kh1 Qf4 45. Re1 Qf2 46. Rg1 Qe2 47. Rdg3 Rc8 48. h4 Rxc5 49. bxc5 Qxe6 50. Nxg5 Qc6+ 51. Kh2 1-0